<?xml version="1.0" encoding="UTF-8"?>
<record
    xmlns:xsi="http://www.w3.org/2001/XMLSchema-instance"
    xsi:schemaLocation="http://www.loc.gov/MARC21/slim http://www.loc.gov/standards/marcxml/schema/MARC21slim.xsd"
    xmlns="http://www.loc.gov/MARC21/slim">

  <leader>01523cam a2200397 a 4500</leader>
  <controlfield tag="001">753323985</controlfield>
  <controlfield tag="003">OCoLC</controlfield>
  <controlfield tag="005">20230519114307.0</controlfield>
  <controlfield tag="008">110722t20112011no a     b    000 0beng c</controlfield>
  <datafield tag="020" ind1=" " ind2=" ">
    <subfield code="a">8281690909</subfield>
  </datafield>
  <datafield tag="020" ind1=" " ind2=" ">
    <subfield code="a">9788281690905</subfield>
  </datafield>
  <datafield tag="035" ind1=" " ind2=" ">
    <subfield code="a">.b70617314</subfield>
  </datafield>
  <datafield tag="040" ind1=" " ind2=" ">
    <subfield code="a">CDX</subfield>
    <subfield code="b">eng</subfield>
    <subfield code="c">CDX</subfield>
    <subfield code="d">OCLCQ</subfield>
    <subfield code="d">OHX</subfield>
    <subfield code="d">MNG</subfield>
    <subfield code="d">NOC</subfield>
    <subfield code="d">OSU</subfield>
    <subfield code="d">UtOrBLW</subfield>
  </datafield>
  <datafield tag="041" ind1="1" ind2=" ">
    <subfield code="a">eng</subfield>
    <subfield code="h">nor</subfield>
  </datafield>
  <datafield tag="042" ind1=" " ind2=" ">
    <subfield code="a">pcc</subfield>
  </datafield>
  <datafield tag="049" ind1=" " ind2=" ">
    <subfield code="a">OSUU</subfield>
  </datafield>
  <datafield tag="082" ind1=" " ind2=" ">
    <subfield code="a">839.822</subfield>
  </datafield>
  <datafield tag="090" ind1=" " ind2=" ">
    <subfield code="a">PT8890</subfield>
    <subfield code="b">.V45 2011</subfield>
  </datafield>
  <datafield tag="090" ind1=" " ind2=" ">
    <subfield code="a">PT8890</subfield>
    <subfield code="b">.V45 2011</subfield>
  </datafield>
  <datafield tag="100" ind1="1" ind2=" ">
    <subfield code="a">Velsand, Torstein.</subfield>
    <subfield code="0">http://id.loc.gov/authorities/names/no2012054935</subfield>
  </datafield>
  <datafield tag="245" ind1="1" ind2="0">
    <subfield code="a">Henrik Ibsen :</subfield>
    <subfield code="b">the man and his plays /</subfield>
    <subfield code="c">Torstein Velsand ; translated from the Norwegian by John Irons ; [picture editors: Torstein Velsand and Knut Ola Ulvestad]</subfield>
  </datafield>
  <datafield tag="246" ind1="3" ind2=" ">
    <subfield code="a">Henrik Ibsen : the man and his plays</subfield>
  </datafield>
  <datafield tag="264" ind1=" " ind2="1">
    <subfield code="a">[Oslo] :</subfield>
    <subfield code="b">Font,</subfield>
    <subfield code="c">[2011]</subfield>
  </datafield>
  <datafield tag="264" ind1=" " ind2="4">
    <subfield code="c">&#xA9;2011</subfield>
  </datafield>
  <datafield tag="300" ind1=" " ind2=" ">
    <subfield code="a">107 pages, 6 unnumbered pages :</subfield>
    <subfield code="b">illustrations (some color) ;</subfield>
    <subfield code="c">18 cm</subfield>
  </datafield>
  <datafield tag="336" ind1=" " ind2=" ">
    <subfield code="a">text</subfield>
    <subfield code="b">txt</subfield>
    <subfield code="2">rdacontent</subfield>
  </datafield>
  <datafield tag="337" ind1=" " ind2=" ">
    <subfield code="a">unmediated</subfield>
    <subfield code="b">n</subfield>
    <subfield code="2">rdamedia</subfield>
  </datafield>
  <datafield tag="338" ind1=" " ind2=" ">
    <subfield code="a">volume</subfield>
    <subfield code="b">nc</subfield>
    <subfield code="2">rdacarrier</subfield>
  </datafield>
  <datafield tag="490" ind1="1" ind2=" ">
    <subfield code="a">Norwegian heritage</subfield>
  </datafield>
  <datafield tag="504" ind1=" " ind2=" ">
    <subfield code="a">Includes bibliographical references (p. [112])</subfield>
  </datafield>
  <datafield tag="600" ind1="1" ind2="0">
    <subfield code="a">Ibsen, Henrik,</subfield>
    <subfield code="d">1828-1906.</subfield>
    <subfield code="0">http://id.loc.gov/authorities/names/n79070050</subfield>
  </datafield>
  <datafield tag="600" ind1="1" ind2="0">
    <subfield code="a">Ibsen, Henrik,</subfield>
    <subfield code="d">1828-1906</subfield>
    <subfield code="x">Criticism and interpretation</subfield>
  </datafield>
  <datafield tag="700" ind1="1" ind2=" ">
    <subfield code="a">Irons, John,</subfield>
    <subfield code="d">1942-</subfield>
    <subfield code="0">http://id.loc.gov/authorities/names/n2002037686</subfield>
  </datafield>
  <datafield tag="830" ind1=" " ind2="0">
    <subfield code="a">Norwegian heritage.</subfield>
    <subfield code="0">http://id.loc.gov/authorities/names/no2012031193</subfield>
  </datafield>
  <datafield tag="942" ind1=" " ind2=" ">
    <subfield code="2">ddc</subfield>
    <subfield code="c">MAIN</subfield>
  </datafield>
  <datafield tag="999" ind1=" " ind2=" ">
    <subfield code="c">9574</subfield>
    <subfield code="d">9575</subfield>
  </datafield>
  <datafield tag="952" ind1=" " ind2=" ">
    <subfield code="0">0</subfield>
    <subfield code="1">0</subfield>
    <subfield code="2">ddc</subfield>
    <subfield code="4">0</subfield>
    <subfield code="7">0</subfield>
    <subfield code="8">MAIN</subfield>
    <subfield code="a">RTCLIB</subfield>
    <subfield code="b">RTCLIB</subfield>
    <subfield code="c">MAIN</subfield>
    <subfield code="d">2023-05-19</subfield>
    <subfield code="h">177422</subfield>
    <subfield code="l">0</subfield>
    <subfield code="o">839.822 VEL</subfield>
    <subfield code="p">30018558</subfield>
    <subfield code="r">2023-05-19 00:00:00</subfield>
    <subfield code="w">2023-05-19</subfield>
    <subfield code="y">MAIN</subfield>
  </datafield>
</record>
